000 00641nam a2200205Ii 4500
003 JO-AjNU
008 230605s9999||||xx |||||||||||||| ||und||
017 _a1974/4287
040 _aJO-AjNU
_bara
_erda
_cJO-AjNU
041 _aara
050 1 4 _aSB91.K42 1987
100 3 _aالخشن ، على على,
_eauthor
_97370
245 0 0 _aقواعد تربية النباتات
264 3 1 _aالاسكندرية,دار المطبوعات الجديدة ، 1987
300 _a449ص
336 _atext
_btxt
_2rdacontent
337 _aunmediated
_bn
_2rdamedia
338 _avolume
_bnc
_2rdacarrier
650 4 _aتربية النباتات
_97371
999 _aA245
_c3813
_d3813